000 01434nam0a22003131 4500
001 rc\3807182
005 20260405075304.0
021 _aRU
_b75-92947
021 _aRU
_bРг995-76
035 _a(NLR Aleph) 007258793
090 _a5284857
_c5284857
100 _a20120329d1975 |||y0rusy50 ca
101 0 _arus
102 _aRU
105 _aa z |||||
200 1 _aЭкспериментальные методы определения гидродинамических параметров при течении жидких металлов
210 _aКиев
_cБ. и.
_d1975
215 _a39 с.
_cил.
_d20
225 1 _aАН СССР. Научный совет "Новые процессы получения и обработки металлических материалов. Институт проблем литья АН УССР. Препринт
300 _aПеред загл. авт.: Гребенюк, В.П., Ефимов, В.А., Акименко, А.Д. [и др.]
701 1 _4070
_8rus
_7ca
_aЕфимов
_bВ. А.
_cд-р техн. наук, металлургия
_f1921-2002
_gВиктор Алексеевич
_3RU\NLR\AUTH\7726869
_99907
701 1 _aАкименко
_bА.Д.
701 1 _aГребенюк
_bВ.П.
_gВладимир Павлович
801 0 _aRU
_bNLR
_gpsbo
801 1 _aRU
_bELAR
_2rusmarc
852 _aNLR
_j76-4/1135
942 _cBOOK
980 _aNB